Endocrinology : (Record no. 171052)

MARC details
000 -LEADER
fixed length control field 00621nam a22002057a 4500
005 - DATE AND TIME OF LATEST TRANSACTION
control field 20200104172217.0
010 ## - LCCN (DPL NO)
LC control number B-227389
020 ## - INTERNATIONAL STANDARD BOOK NUMBER
Terms of availability 210.00
International Standard Book Number 818094011
035 ## - SYSTEM CONTROL NUMBER
System control number B-227349
037 ## - SOURCE OF ACQUISITION
Source of stock number/acquisition Cen Lib/Ret
082 ## - DEWEY DECIMAL CLASSIFICATION NUMBER
Classification number 573.4
Item number LOH
100 ## - MAIN ENTRY--PERSONAL NAME
Personal name Lohar, Prakash S
245 ## - TITLE STATEMENT
Title Endocrinology :
Statement of responsibility, etc by Prakash S Lohar
Remainder of title hormones and human health /
260 ## - PUBLICATION, DISTRIBUTION, ETC. (IMPRINT)
Place of publication, distribution, etc Chennai
Name of publisher, distributor, etc MJP Publishers
Date of publication, distribution, etc 2005
270 ## - ADDRESS
Address 47, Nallatahmbi Street Triplicane
City Chennai
Postal code 600 005
300 ## - PHYSICAL DESCRIPTION
Extent xx,305p. :
Dimensions 20cm(Hb)
Other physical details ill.
650 ## - SUBJECT ADDED ENTRY--TOPICAL TERM
Topical term or geographic name as entry element Hormones.
650 ## - SUBJECT ADDED ENTRY--TOPICAL TERM
Topical term or geographic name as entry element Machanism hormones action
942 ## - ADDED ENTRY ELEMENTS (KOHA)
Source of classification or shelving scheme Dewey Decimal Classification
Item type English Books
Classification part 573.4
Call number suffix LOH
Holdings
Withdrawn status Lost status Not for loan Collection code Home library Current library Date acquired Cost, normal purchase price Full call number Barcode Cost, replacement price Koha item type
      Non-fiction Sarojini Nagar Sarojini Nagar 04/01/2020 210.00 573.4 LOH B-227389 210.00 English Books

© Delhi Public Library
Hit Counter
free hit counter